| 000 | 00729nam a2200217 a 4500 | ||
|---|---|---|---|
| 005 | 20220901083801.0 | ||
| 008 | 070827s2004 mx r 000 0 spa d | ||
| 020 | _a8497597273 | ||
| 035 | _aUPN01000151488 | ||
| 049 | _aCG | ||
| 050 | 4 |
_aPN1996 _bG3.3 2004 |
|
| 100 | 1 |
_aGarcía Márquez, Gabriel, _d1928-2014 |
|
| 245 | 1 | 3 |
_aLa bendita manía de contar / _cGabriel García Márquez. |
| 250 | _a2a ed. | ||
| 260 |
_aMadrid : _bEscuela Internacional de Cine y Televisión San Antonio de la Baños : _bOllero & Ramos : _bDebolsillo, _c2004. |
||
| 300 | _a201 p. | ||
| 440 | 0 |
_aTaller de guión de Gabriel García Márquez ; _v50 |
|
| 650 | 4 |
_aLIBRETOS _96429 |
|
| 650 | 7 |
_aGuiones cinematográficos _2 _914297 |
|
| 905 | _aLibro | ||
| 999 |
_c123624 _d123624 |
||